[Event "Olympiad-44"]
[Site "Chennai"]
[Date "2022.08.08"]
[Round "10.2"]
[White "Gazik, Viktor"]
[Black "Sethuraman, SP."]
[Result "1-0"]
[WhiteElo "2544"]
[BlackElo "2623"]
[PlyCount "105"]
[EventDate "2022.07.29"]
[EventType "team-swiss"]
[EventRounds "11"]
[EventCountry "IND"]
[SourceTitle "CBM 211 Extra"]
[Source "ChessBase"]
[SourceDate "2023.01.31"]
[SourceVersion "1"]
[SourceVersionDate "2023.01.31"]
[SourceQuality "1"]
[WhiteTeam "Slovakia"]
[BlackTeam "India III"]
[WhiteTeamCountry "SVK"]
[BlackTeamCountry "IND"]

1. e4 e6 2. d4 d5 3. Nc3 Nf6 4. e5 Nfd7 5. f4 c5 6. Nf3 Nc6 7. Be3 Be7 8. Qd2 a6 9. a3 b5 10. Be2 0-0 11. 0-0 Qc7 12. dxc5 Nxc5 13. Nd4 Ne4 14. Nxe4 dxe4 15. Qc3 Bd7 16. Nxc6 Qxc6 17. Qxc6 Bxc6 18. Kf2 f6 19. exf6 Bxf6 20. c3 Bd5 21. Rad1 Bb3 22. Rd7 Rfd8 23. Rb7 Rd6 24. g4 h6 25. g5 hxg5 26. fxg5 Be5 27. h4 Bd5 28. Re7 Rdd8 29. Bd4 Bxd4+ 30. cxd4 Rac8 31. Ke3 Rf8 32. g6 Rc2 33. Rxf8+ Kxf8 34. Rf7+ Kg8 35. Rd7 Kf8 36. Rf7+ Kg8 37. Rd7 Kf8 38. b4 Ra2 39. Rf7+ Kg8 40. Rc7 Kf8 41. h5 e5 42. dxe5 Rxa3+ 43. Kd4 Be6 44. Ra7 Ra2 45. Ke3 Ra4 46. Ra8+ Ke7 47. Ra7+ Kf8 48. Ra8+ Ke7 49. h6 gxh6 50. g7 Rxb4 51. Bg4 Rb3+ 52. Kf4 Rf3+ 53. Kxe4 1-0

[Event "Olympiad-44"]
[Site "Chennai"]
[Date "2022.08.07"]
[Round "9.2"]
[White "Mieles Palau, Daniel Alberto"]
[Black "Gazik, Viktor"]
[Result "0-1"]
[WhiteElo "2364"]
[BlackElo "2544"]
[PlyCount "106"]
[EventDate "2022.07.29"]
[EventType "team-swiss"]
[EventRounds "11"]
[EventCountry "IND"]
[SourceTitle "CBM 210"]
[Source "ChessBase"]
[SourceDate "2022.10.31"]
[SourceVersion "1"]
[SourceVersionDate "2022.10.31"]
[SourceQuality "1"]
[WhiteTeam "Ecuador"]
[BlackTeam "Slovakia"]
[WhiteTeamCountry "ECU"]
[BlackTeamCountry "SVK"]

1. e4 c5 2. Nf3 e6 3. d4 cxd4 4. Nxd4 Nf6 5. Nc3 Nc6 6. Ndb5 Bc5 7. Bf4 0-0 8. Bc7 Qe7 9. Bd6 Bxd6 10. Qxd6 Qd8 11. Be2 a6 12. Nd4 Qb6 13. Nb3 Rd8 14. Rd1 Ne8 15. Qd2 Qc7 16. 0-0 b5 17. Qe3 d6 18. f4 Bb7 19. Rd2 Rac8 20. Rfd1 Na5 21. f5 b4 22. Na4 exf5 23. Nb6 f4 24. Qf2 Nxb3 25. cxb3 Rb8 26. Nd5 Bxd5 27. Rxd5 Nf6 28. R5d4 Re8 29. Qxf4 Qa5 30. Bf3 Qxa2 31. Rxd6 Qxb2 32. Rxa6 Rb5 33. Qc7 Qxb3 34. Rd8 Rbe5 35. Raa8 Qb1+ 36. Kf2 Qb2+ 37. Kf1 Qb1+ 38. Kf2 Qb2+ 39. Kf1 h6 40. Rxe8+ Rxe8 41. Rxe8+ Nxe8 42. Qe7 Qc1+ 43. Ke2 Qc2+ 44. Ke3 Qc3+ 45. Ke2 Qc4+ 46. Ke3 Nc7 47. Qd8+ Kh7 48. e5 Ne6 49. Qd3+ Qxd3+ 50. Kxd3 Kg6 51. Kc4 b3 52. Kxb3 Nd4+ 53. Kc4 Ne6 0-1

[Event "Olympiad-44"]
[Site "Chennai"]
[Date "2022.08.02"]
[Round "5.2"]
[White "Gazik, Viktor"]
[Black "Yakubboev, Nodirbek"]
[Result "0-1"]
[WhiteElo "2544"]
[BlackElo "2620"]
[PlyCount "80"]
[EventDate "2022.07.29"]
[EventType "team-swiss"]
[EventRounds "11"]
[EventCountry "IND"]
[SourceTitle "CBM 210"]
[Source "ChessBase"]
[SourceDate "2022.10.31"]
[SourceVersion "1"]
[SourceVersionDate "2022.10.31"]
[SourceQuality "1"]
[WhiteTeam "Slovakia"]
[BlackTeam "Uzbekistan"]
[WhiteTeamCountry "SVK"]
[BlackTeamCountry "UZB"]

1. e4 e5 2. Nf3 Nc6 3. d4 exd4 4. Nxd4 Bc5 5. Nb3 Bb6 6. Nc3 Nf6 7. Qe2 a5 8. a4 0-0 9. Be3 Bxe3 10. Qxe3 d6 11. Be2 Re8 12. 0-0-0 Qe7 13. Rhe1 Nb4 14. h3 Bd7 15. Bf1 Bc6 16. Nd4 Qd7 17. Qf3 Re5 18. Nxc6 Qxc6 19. Kb1 Qc5 20. Bd3 Rae8 21. Qe3 Qxe3 22. Rxe3 c6 23. f4 R5e7 24. Rf3 d5 25. e5 Nd7 26. Bf5 Nc5 27. h4 g6 28. Bh3 f6 29. exf6 Re1 30. f5 Kf7 31. fxg6+ hxg6 32. Rf1 Rxd1+ 33. Nxd1 Ne4 34. Rf4 d4 35. c3 Nd2+ 36. Ka1 Nd3 37. Rg4 Re1 38. Ka2 Nc1+ 39. Ka1 Ncb3+ 40. Ka2 Rxd1 0-1